|
|
|
|
| LEADER |
00893nam a2200253 a 4500 |
| 001 |
1190 |
| 003 |
BD-DhAAL |
| 008 |
090405s1980 bg b 000 0 eng d |
| 999 |
|
|
|c 255
|d 255
|
| 010 |
|
|
|a \\\80904771
|
| 020 |
|
|
|c Tk100.00 ($10.00 U.S.)
|
| 040 |
|
|
|a DLC
|c DLC
|d DLC
|d BD-DhAAL
|
| 082 |
0 |
0 |
|a 338.91
|2 19
|
| 100 |
1 |
|
|a Khaleque, Abdul,
|d 1927-
|9 41547
|
| 245 |
1 |
0 |
|a Political economy of foreign aid /
|c Abdul Khaleque.
|
| 250 |
|
|
|a First edition
|
| 260 |
|
|
|a Dacca :
|b Polwel,
|c 1980.
|
| 300 |
|
|
|a xxvi, 375 pages ;
|c 22 cm.
|
| 504 |
|
|
|a Includes bibliographical references (pages 367-375).
|
| 541 |
1 |
|
|e 1190
|
| 650 |
|
0 |
|a Economic assistance.
|9 41548
|
| 852 |
4 |
|
|a Ayesha Abed Library
|j General Stacks
|
| 942 |
|
|
|2 ddc
|c BK
|
| 952 |
|
|
|0 0
|1 0
|2 ddc
|4 0
|6 338_910000000000000_KHA_1980
|7 0
|9 4750
|a BRACUL
|b BRACUL
|c GEN
|d 2009-10-28
|g 100.00
|l 1
|o 338.91 KHA
|p 3010001190
|r 2011-03-20
|s 2011-03-09
|t 1
|w 2009-10-28
|y BK
|